| 000 | 00000nam##2200000za#4500 |
| 001 | 9.580567 |
| 003 | CaOODSP |
| 005 | 20211126112846 |
| 007 | cr ||||||||||| |
| 008 | 150406|2003||||xxc|||||o f|0| 0 eng|d |
| 022 | |a1701-9397 |
| 040 | |aCaOODSP|beng |
| 043 | |an-cn--- |
| 086 | 1 |aFB3-2/103-17E-PDF |
| 110 | 2 |aBank of Canada. |
| 245 | 10|aExplaining and forecasting inflation in emerging markets : |h[electronic resource]|bthe case of Mexico / |cby Jeanine Bailliu ... [et al.] |
| 260 | |aOttawa - Ontario : |bBank of Canada |c2003. |
| 300 | |a39p.|breferences, tables |
| 490 | 1 |aBank of Canada working paper|x1701-9397|v2003-17 |
| 500 | |aFile reproduced from original print. The ISSN (1192-5434) for the print edition appears in the PDF version. This paper is a joint study with the Banco de México. |
| 546 | |aRésumé en français. |
| 590 | |a14-15-Supp|b2014-09-04 |
| 720 | 1 |aBailliu, Jeannine |
| 776 | 0#|tExplaining and forecasting inflation in emerging markets : |w(CaOODSP)9.616469 |
| 830 | #0|aWorking paper (Bank of Canada)|x1701-9397|v2003-17|w(CaOODSP)9.504604 |
| 856 | 40|ahttp://publications.gc.ca|qPDF|s365 KB|uhttps://publications.gc.ca/collections/collection_2014/banque-bank-canada/FB3-2-103-17-eng.pdf|y2003-17 |